Outline grammar of havyaka. (Record no. 214009)
[ view plain ]
| 000 -LEADER | |
|---|---|
| fixed length control field | 00554nam a2200217Ia 4500 |
| 003 - CONTROL NUMBER IDENTIFIER | |
| control field | OSt |
| 005 - DATE AND TIME OF LATEST TRANSACTION | |
| control field | 20251129094816.0 |
| 008 - FIXED-LENGTH DATA ELEMENTS--GENERAL INFORMATION | |
| fixed length control field | 210719s1971 xx 000 0 und d |
| 040 ## - CATALOGING SOURCE | |
| Transcribing agency | AL |
| 041 ## - LANGUAGE CODE | |
| Language code of text/sound track or separate title | Kannada |
| 082 ## - DEWEY DECIMAL CLASSIFICATION NUMBER | |
| Classification number | K494.5E BHAO |
| 100 ## - MAIN ENTRY--PERSONAL NAME | |
| Personal name | BHAT (D N Shankara) |
| 9 (RLIN) | 247172 |
| 245 ## - TITLE STATEMENT | |
| Title | Outline grammar of havyaka. |
| 260 ## - PUBLICATION, DISTRIBUTION, ETC. | |
| Place of publication, distribution, etc. | Poona |
| Name of publisher, distributor, etc. | Deccan College |
| Date of publication, distribution, etc. | 1971 |
| 300 ## - PHYSICAL DESCRIPTION | |
| Extent | 96 |
| Other physical details | PB |
| 365 ## - TRADE PRICE | |
| Price amount | 10 |
| Currency code | Rs |
| 440 ## - SERIES STATEMENT/ADDED ENTRY--TITLE | |
| Title | Linguistic survey of India series: 5 |
| 9 (RLIN) | 247173 |
| 650 ## - SUBJECT ADDED ENTRY--TOPICAL TERM | |
| Topical term or geographic name entry element | Kannada Grammar |
| 9 (RLIN) | 247174 |
| 906 ## - LOCAL DATA ELEMENT F, LDF (RLIN) | |
| a | Havyaka |
| 942 ## - ADDED ENTRY ELEMENTS (KOHA) | |
| Source of classification or shelving scheme | Dewey Decimal Classification |
| Koha item type | Book |
| Withdrawn status | Lost status | Source of classification or shelving scheme | Damaged status | Not for loan | Collection code | Home library | Current library | Date acquired | Source of acquisition | Cost, normal purchase price | Total Checkouts | Full call number | Barcode | Date last seen | Price effective from | Koha item type |
|---|---|---|---|---|---|---|---|---|---|---|---|---|---|---|---|---|
| Dewey Decimal Classification | Kannada | St Aloysius Library | St Aloysius Library | 02/17/2006 | Deccan College, Poona | 10.00 | K494.5E BHAO | D02618 | 07/19/2021 | 07/19/2021 | Donated Books |